| 000 | 01010nam a2200277 a 4500 | ||
|---|---|---|---|
| 999 |
_c3887 _d3887 |
||
| 001 | 1977817 | ||
| 003 | Nust | ||
| 005 | 20170105101227.0 | ||
| 008 | 881215s1987 pk b 000 0 eng | ||
| 010 | _a 88930139 | ||
| 040 |
_aDLC _cDLC _dDLC |
||
| 043 | _aa-pk--- | ||
| 050 | 0 | 0 |
_aHD1333.P18 _bL36 1987 |
| 245 | 0 | 0 |
_aLand reforms in Pakistan : _ba historical perspective / _ceditors, Syed Nawab Haider Naqvi, Mahmood Hasan Khan, M. Ghaffar Chaudhry. |
| 260 |
_aIslamabad : _bPakistan Institute of Development Economics, _c1987. |
||
| 300 |
_avii, 216 p. ; _c25 cm. |
||
| 504 | _aIncludes bibliographical references. | ||
| 650 | 0 |
_aLand reform _zPakistan. |
|
| 700 | 1 | _aNaqvi, Syed Nawab Haider. | |
| 700 | 1 | _aKhan, Mahmood Hasan. | |
| 700 | 1 |
_aChaudhry, M. Ghaffar, _d1942- |
|
| 710 | 2 | _aPakistan Institute of Development Economics. | |
| 906 |
_a7 _bcbc _corignew _d3 _encip _f19 _gy-gencatlg |
||
| 942 |
_2ddc _cBK |
||